| 000 | 00356nam a2200145Ia 4500 | ||
|---|---|---|---|
| 003 | OSt | ||
| 005 | 20231215062111.0 | ||
| 008 | 170524s9999 xx 000 0 und d | ||
| 020 | _a9788173911590 | ||
| 040 | _cIIMT UNIVERSITY | ||
| 100 | _aCHAKARVARTHY- SUBASH | ||
| 245 | 0 | _aPRESS & MEDIA : THE GLOBAL DIMENSON | |
| 260 | _bKANISHKA PUB. | ||
| 942 |
_2ddc _c01 |
||
| 999 |
_c9066 _d9066 |
||